[Event "Bucaramanga Santander-chT"]
[Site "Bucaramanga"]
[Date "2024.08.19"]
[Round "5.1"]
[White "Gonzalez Suarez, Nelson"]
[Black "Rueda Rojas, Richard Alejandro"]
[Result "0-1"]
[WhiteElo "1660"]
[BlackElo "1975"]
[PlyCount "38"]
[EventDate "2024.08.17"]
[EventType "team-swiss"]
[EventRounds "6"]
[EventCountry "COL"]
[SourceTitle "EXT 2025"]
[Source "ChessBase"]
[SourceDate "2024.10.14"]
[SourceVersion "1"]
[SourceVersionDate "2024.10.14"]
[SourceQuality "1"]
[WhiteTeam "Grandmasters"]
[BlackTeam "Bishops Fury"]
[WhiteTeamCountry "COL"]
[BlackTeamCountry "COL"]

1. d4 c5 2. Bf4 cxd4 3. Bxb8 Qa5+ 4. c3 Rxb8 5. Qxd4 Nf6 6. Nd2 e5 7. Qc4 d5 8. Qh4 Be7 9. Nb3 Qb6 10. Qg3 0-0 11. Qxe5 Be6 12. Qd4 Qc7 13. Qxa7 Ne4 14. Qd4 Bf6 15. Qd3 b5 16. Nd4 b4 17. Nxe6 fxe6 18. f3 Bh4+ 19. g3 Bxg3+ 0-1

[Event "Bucaramanga Santander-chT"]
[Site "Bucaramanga"]
[Date "2024.08.19"]
[Round "6.1"]
[White "Sanchez Fonseca, Alejandro"]
[Black "Gonzalez Suarez, Nelson"]
[Result "1/2-1/2"]
[WhiteElo "1494"]
[BlackElo "1660"]
[PlyCount "70"]
[EventDate "2024.08.17"]
[EventType "team-swiss"]
[EventRounds "6"]
[EventCountry "COL"]
[SourceTitle "EXT 2025"]
[Source "ChessBase"]
[SourceDate "2024.10.14"]
[SourceVersion "1"]
[SourceVersionDate "2024.10.14"]
[SourceQuality "1"]
[WhiteTeam "Cazadores"]
[BlackTeam "Grandmasters"]
[WhiteTeamCountry "COL"]
[BlackTeamCountry "COL"]

1. e4 e5 2. Nf3 d6 3. h3 Nf6 4. Nc3 Be7 5. Bc4 0-0 6. 0-0 Ne8 7. d3 Kh8 8. Nd5 c6 9. Nxe7 Qxe7 10. Bb3 Be6 11. Bxe6 Qxe6 12. Ng5 Qg6 13. Qg4 Nf6 14. Qf5 Qxf5 15. exf5 h6 16. Ne4 Nxe4 17. dxe4 d5 18. exd5 cxd5 19. b3 d4 20. Bb2 Nc6 21. Rfe1 Rae8 22. Ba3 Rg8 23. Rad1 b6 24. Re2 e4 25. Rde1 e3 26. fxe3 dxe3 27. Rxe3 Rd8 28. Bb2 Rd2 29. Rc1 Nb4 30. Bc3 Rxc2 31. Rxc2 Nxc2 32. Re2 Na3 33. Re7 Nb5 34. Ba1 Rd8 35. Kf2 Rd1 1/2-1/2

[Event "Bucaramanga op"]
[Site "Bucaramanga"]
[Date "2023.09.06"]
[Round "1"]
[White "Gonzalez Suarez, Nelson"]
[Black "Jaimes Franco, Francisco Javier"]
[Result "1-0"]
[WhiteElo "1465"]
[BlackElo "1319"]
[PlyCount "51"]
[EventDate "2023.09.06"]
[EventType "swiss"]
[EventRounds "9"]
[EventCountry "COL"]
[SourceTitle "CBM 216 Extra"]
[Source "ChessBase"]
[SourceDate "2023.11.30"]
[SourceVersion "1"]
[SourceVersionDate "2023.11.30"]
[SourceQuality "1"]

1. d4 g6 2. Nf3 e6 3. Bf4 Nf6 4. Bg5 Bg7 5. Bxf6 Qxf6 6. e3 0-0 7. Bd3 Nc6 8. 0-0 h5 9. Nc3 Re8 10. Ne4 Qe7 11. Bb5 f5 12. Nc3 a6 13. Bxc6 bxc6 14. Ne5 Bxe5 15. dxe5 Qh4 16. g3 Qh3 17. f3 Bb7 18. Rf2 c5 19. Qxd7 h4 20. gxh4 Qxh4 21. Rg2 g5 22. Rg3 Rad8 23. Qa4 c6 24. Qxh4 Re7 25. Qxg5+ Kf8 26. Qg8# 1-0

[Event "Bucaramanga Udi Cup"]
[Site "Bucaramanga"]
[Date "2014.10.17"]
[Round "4"]
[White "Gonzalez Suarez, Nelson"]
[Black "Suarez Pinto, Sergio Rafael"]
[Result "0-1"]
[WhiteElo "1558"]
[BlackElo "1839"]
[PlyCount "90"]
[EventDate "2014.10.15"]
[EventType "swiss"]
[EventRounds "9"]
[EventCountry "COL"]
[SourceTitle "EXT 2015"]
[Source "ChessBase"]
[SourceDate "2014.11.20"]
[SourceVersion "1"]
[SourceVersionDate "2014.11.20"]
[SourceQuality "1"]

1. d4 d5 2. Nc3 Nf6 3. Bf4 c6 4. e3 e6 5. Bxb8 Rxb8 6. Bd3 Bd6 7. Nge2 0-0 8. 0-0 e5 9. e4 exd4 10. Nxd4 dxe4 11. Bxe4 Nxe4 12. Nxe4 Bxh2+ 13. Kxh2 Qh4+ 14. Kg1 Qxe4 15. Re1 Qg6 16. Re3 Bg4 17. Nf3 Rbd8 18. Qe2 Bxf3 19. Qxf3 Qxc2 20. Rae1 Qxb2 21. Rb3 Qxa2 22. Rxb7 c5 23. Ree7 a5 24. Rb6 Qa4 25. g3 Qd1+ 26. Qxd1 Rxd1+ 27. Kg2 Rdd8 28. Rb5 Ra8 29. Rxc5 a4 30. Re2 a3 31. Ra2 Ra6 32. Rc3 Rfa8 33. Kf3 g6 34. Ke3 Kg7 35. Kd2 h5 36. Kc2 g5 37. Kb3 Kg6 38. Kb4 Rb8+ 39. Kc4 Rb2 40. Rxb2 axb2 41. Rb3 Ra2 42. f3 Ra3 43. Rxb2 Rxf3 44. Rb6+ f6 45. Kd5 Rxg3 0-1

[Event "Santander Departamental-ch"]
[Site "Santander"]
[Date "2013.12.01"]
[Round "8"]
[White "Gonzalez Suarez, Nelson"]
[Black "Nunez, Jose Luis"]
[Result "0-1"]
[WhiteElo "1558"]
[BlackElo "1537"]
[PlyCount "42"]
[EventDate "2013.11.28"]
[EventType "swiss"]
[EventRounds "8"]
[EventCountry "COL"]
[SourceTitle "CBM 157 Extra"]
[Source "ChessBase"]
[SourceDate "2013.12.19"]
[SourceVersion "1"]
[SourceVersionDate "2013.12.19"]
[SourceQuality "1"]

1. d4 d5 2. Nf3 Nc6 3. e3 Bf5 4. Bb5 e6 5. Ne5 Nge7 6. 0-0 f6 7. Nxc6 Nxc6 8. Bxc6+ bxc6 9. Nc3 Bd6 10. Ne2 0-0 11. f4 Qe8 12. Ng3 Qg6 13. c3 e5 14. fxe5 fxe5 15. Qf3 Bd3 16. Qd1 Bxf1 17. Nxf1 e4 18. Qa4 Qf6 19. Bd2 Qf2+ 20. Kh1 Qxf1+ 21. Rxf1 Rxf1# 0-1

[Event "Santander Departamental-ch"]
[Site "Santander"]
[Date "2013.12.01"]
[Round "7"]
[White "Velasquez Torres, Monica"]
[Black "Gonzalez Suarez, Nelson"]
[Result "1-0"]
[WhiteElo "1447"]
[BlackElo "1558"]
[PlyCount "21"]
[EventDate "2013.11.28"]
[EventType "swiss"]
[EventRounds "8"]
[EventCountry "COL"]
[SourceTitle "CBM 157 Extra"]
[Source "ChessBase"]
[SourceDate "2013.12.19"]
[SourceVersion "1"]
[SourceVersionDate "2013.12.19"]
[SourceQuality "1"]

1. e4 e5 2. Nf3 c6 3. a3 Nf6 4. Nc3 Na6 5. Bxa6 b6 6. Bxc8 Bd6 7. Bb7 Rb8 8. Bxc6 b5 9. b4 Qb6 10. Bxb5 0-0 11. h3 1-0

[Event "Santander Departamental-ch"]
[Site "Santander"]
[Date "2013.11.30"]
[Round "6"]
[White "Gonzalez Suarez, Nelson"]
[Black "Mantilla Ortiz, Juan David"]
[Result "1-0"]
[WhiteElo "1558"]
[BlackElo "1367"]
[PlyCount "28"]
[EventDate "2013.11.28"]
[EventType "swiss"]
[EventRounds "8"]
[EventCountry "COL"]
[SourceTitle "CBM 157 Extra"]
[Source "ChessBase"]
[SourceDate "2013.12.19"]
[SourceVersion "1"]
[SourceVersionDate "2013.12.19"]
[SourceQuality "1"]

1. d4 d5 2. Nf3 Nc6 3. e3 Bf5 4. Bb5 a6 5. Bxc6+ bxc6 6. Ne5 Qd6 7. g4 Be4 8. f3 Bg6 9. f4 h6 10. f5 Bh7 11. 0-0 g6 12. Qf3 Nf6 13. fxg6 Bxg6 14. Nxg6 fxg6 1-0

[Event "Santander op"]
[Site "Santander"]
[Date "2011.12.18"]
[Round "4"]
[White "Berbesi, Sarai"]
[Black "Gonzalez Suarez, Nelson"]
[Result "0-1"]
[WhiteElo "1358"]
[BlackElo "1577"]
[PlyCount "67"]
[EventDate "2011.12.17"]
[EventType "swiss"]
[EventRounds "9"]
[EventCountry "COL"]
[SourceTitle "CBM 146 Extra"]
[Source "ChessBase"]
[SourceDate "2012.02.29"]
[SourceVersion "1"]
[SourceVersionDate "2012.02.29"]
[SourceQuality "1"]

1. e4 Nc6 2. d4 d5 3. Nc3 dxe4 4. Nxe4 Qxd4 5. Qxd4 Nxd4 6. Bd3 e5 7. Ne2 Nxe2 8. Bxe2 Bf5 9. Bd3 Bxe4 10. Bxe4 c6 11. 0-0 Nf6 12. Bd3 Bc5 13. c3 Ng4 14. Bg5 h6 15. Bh4 0-0 16. b4 Bd6 17. c4 g5 18. Bg3 f5 19. Rfe1 Nf6 20. Bxf5 Nh7 21. Bd3 h5 22. f4 gxf4 23. Bf2 Kh8 24. Bxh7 Kxh7 25. Rad1 Bxb4 26. Rxe5 Kg6 27. Re6+ Kg5 28. Rd7 Rf6 29. Rg7+ Kf5 30. Bd4 Rxe6 31. Rxb7 c5 32. Bb2 Rd8 33. g3 Rd1+ 34. Kg2 0-1